Curriculum development (Record no. 1952)
[ view plain ]
| 000 -LEADER | |
|---|---|
| fixed length control field | 00582nam a22001817a 4500 |
| 003 - CONTROL NUMBER IDENTIFIER | |
| control field | URS |
| 005 - DATE AND TIME OF LATEST TRANSACTION | |
| control field | 20220114141925.0 |
| 008 - FIXED-LENGTH DATA ELEMENTS--GENERAL INFORMATION | |
| fixed length control field | 200130s2008 ph a|||| |||| 00| 0 eng d |
| 020 ## - INTERNATIONAL STANDARD BOOK NUMBER | |
| International Standard Book Number | 9716856873 |
| 040 ## - CATALOGING SOURCE | |
| Transcribing agency | URS |
| Language of cataloging | eng |
| Modifying agency | rda |
| 050 14 - LIBRARY OF CONGRESS CALL NUMBER | |
| Classification number | LB 1570 |
| Item number | .B5952 2008 |
| 100 ## - MAIN ENTRY--PERSONAL NAME | |
| Personal name | Bilbao, Purita P. |
| 245 10 - TITLE STATEMENT | |
| Title | Curriculum development |
| Statement of responsibility, etc. | Purita P. Bilbao, Paz I. Lucido, Tomasa C. Iringan, Rodrigo B. Javier |
| 264 ## - PRODUCTION, PUBLICATION, DISTRIBUTION, MANUFACTURE, AND COPYRIGHT NOTICE | |
| Place of production, publication, distribution, manufacture | Quezon City: |
| Name of producer, publisher, distributor, manufacturer | Lorimar Publishing Incorporations; |
| Date of production, publication, distribution, manufacture, or copyright notice | [2008] |
| 300 ## - PHYSICAL DESCRIPTION | |
| Extent | vii 222 pages |
| Other physical details | with illustrations |
| Dimensions | 25 cm. |
| 650 ## - SUBJECT ADDED ENTRY--TOPICAL TERM | |
| Topical term or geographic name entry element | Curriculum Development |
| 942 ## - ADDED ENTRY ELEMENTS (KOHA) | |
| Source of classification or shelving scheme | Library of Congress Classification |
| Koha item type | Filipiniana |
| Withdrawn status | Source of classification or shelving scheme | Damaged status | Not for loan | Collection code | Home library | Current library | Shelving location | Date acquired | Total Checkouts | Full call number | Barcode | Date last seen | Price effective from | Koha item type |
|---|---|---|---|---|---|---|---|---|---|---|---|---|---|---|
| Library of Congress Classification | Binangonan College Library | Binangonan College Library | 06/30/2025 | LB 1570 .B5952 2008 | URSBIN-3966 | 06/30/2025 | 06/30/2025 | Filipiniana | ||||||
| Library of Congress Classification | Non-fiction | Cainta College Library | Cainta College Library | On Display | 07/25/2016 | LB1570.B5952 2008 | URSCAI-3126 | 07/25/2016 | 07/25/2016 | Filipiniana | ||||
| Library of Congress Classification | Non-fiction | Cainta College Library | Cainta College Library | On Display | 07/25/2016 | LB1570.B5952 2008 | URSCAI-3225 | 07/25/2016 | 07/25/2016 | Filipiniana | ||||
| Library of Congress Classification | Non-fiction | Cainta College Library | Cainta College Library | On Display | 07/25/2016 | LB1570.B5952 2008 | URSCAI-3228 | 07/25/2016 | 07/25/2016 | Filipiniana | ||||
| Library of Congress Classification | Non-fiction | Cainta College Library | Cainta College Library | On Display | 07/25/2016 | LB1570.B5952 2008 | URSCAI-3229 | 07/25/2016 | 07/25/2016 | Filipiniana | ||||
| Library of Congress Classification | Non-fiction | Cainta College Library | Cainta College Library | On Display | 07/25/2016 | LB1570.B5952 2008 | URSCAI-3230 | 07/25/2016 | 07/25/2016 | Filipiniana | ||||
| Library of Congress Classification | Cainta College Library | Cainta College Library | On Display | 07/25/2016 | LB1570.B5952 2008 | URSCAI-3789 | 07/25/2016 | 07/25/2016 | Filipiniana | |||||
| Library of Congress Classification | Cainta College Library | Cainta College Library | On Display | 07/25/2016 | LB1570.B5952 2008 | URSCAI-3796 | 07/25/2016 | 07/25/2016 | Filipiniana | |||||
| Library of Congress Classification | Cainta College Library | Cainta College Library | 09/08/2017 | LB1570.b5952 2008 | URSCAI-3610 | 09/08/2017 | 09/08/2017 | Filipiniana | ||||||
| Library of Congress Classification | Cainta College Library | Cainta College Library | 10/02/2017 | LB1570.B5552 2008 | URSCAI-3611 | 10/02/2017 | 10/02/2017 | Filipiniana | ||||||
| Library of Congress Classification | Cainta College Library | Cainta College Library | 05/21/2018 | LB1570.B5552 2008 | URSCAI-3580 | 05/21/2018 | 05/21/2018 | Filipiniana | ||||||
| Library of Congress Classification | Cainta College Library | Cainta College Library | 05/21/2018 | LB1570.B5552 2008 | URSCAI-4203 | 05/21/2018 | 05/21/2018 | Filipiniana |